000 00448nam a22001817a 4500
005 20230905185101.0
008 230718b |||||||| |||| 00| 0 eng d
020 _a9781856698146
082 _a747.0286
_bMOX-S
100 _aMoxon, Siân
245 _aSustainability in Interior Design
260 _aChaina
_bLAURENCE KING
_c2012
300 _a190
500 _aINCLUIDE INDEX
650 _aARCHITECTURE
700 _aSian Moxon
999 _c26044
_d26044